[Event "POL-chT 1 Liga 2019"]
[Site "Dzwirzyno"]
[Date "2019.09.15"]
[Round "9.2"]
[White "Roubalik, Jakub"]
[Black "Kowalski, Igor"]
[Result "1-0"]
[WhiteElo "2405"]
[BlackElo "2364"]
[Annotator "NA"]
[PlyCount "91"]
[EventDate "2019.09.07"]
[EventType "team-tourn"]
[EventCountry "POL"]
[SourceTitle "playchess.com"]
[Source "ChessBase"]
[SourceQuality "1"]
[TimeControl "40/5400+30:1800+30"]

1. d4 {[%emt 0:00:00]} Nf6 {[%emt 0:00:00]} 2. c4 {[%emt 0:00:00]} g6 {[%emt 0:00:00]} 3. Nc3 {[%emt 0:00:00]} Bg7 {[%emt 0:00:00]} 4. e4 {[%emt 0:00:00]} d6 {[%emt 0:00:00]} 5. Nge2 {[%emt 0:00:03]} O-O {[%emt 0:00:00]} 6. Ng3 {[%emt 0:00:04]} h5 {[%emt 0:00:00]} 7. Be2 {[%emt 0:02:17] E70: King's Indian: Miscellaneous lines with 4 e4, including 5 Nge2 and 5 Bd3 0-0 6 Nge2} Nbd7 {[%emt 0:00:01]} 8. Bg5 {[%emt 0:01:41]} (8. h4 a6 9. Bg5 c5 10. d5 b5 11. b3 Nh7 12. Bd2 b4 13. Na4 Bxa1 14. Qxa1 e5 {0-1 (59) Rapport,R (2693)-Ding,L (2714) Biel 2013}) 8... Nh7 {[%emt 0:01:58]} 9. Be3 {[%emt 0:00:07]} e5 {[%emt 0:03:44]} 10. d5 {[%emt 0:00:15]} a5 $146 {[%emt 0:01:58]} ({Predecessor:} 10... h4 11. Nf1 f5 12. f3 Ndf6 13. exf5 gxf5 14. Qc2 Nh5 {0-1 (43) Gilea,L (2270)-Istratescu,A (2580) Baile Govora 2017}) 11. Nf1 {[%emt 0:03:43]} h4 {[%emt 0:02:57]} 12. Qc2 {[%emt 0:04:03]} Nc5 {[%emt 0:00:32]} 13. O-O-O {[%emt 0:03:29]} Bd7 {[%emt 0:07:49]} 14. g3 {[%emt 0:02:48]} h3 {[%emt 0:10:14]} 15. Nd2 {[%emt 0:01:20]} a4 {[%emt 0:00:30]} 16. a3 {[%emt 0:19:29]} f5 {[%emt 0:04:42]} 17. Kb1 {[%emt 0:05:43]} f4 {[%emt 0:17:22]} 18. gxf4 {[%emt 0:00:11]} exf4 {[%emt 0:00:03]} 19. Bxc5 {[%emt 0:00:06]} dxc5 {[%emt 0:00:03]} 20. Nf3 {[%emt 0:00:26]} g5 {[%emt 0:01:30]} 21. e5 {[%emt 0:02:31]} Bf5 {[%emt 0:02:05]} 22. Bd3 {[%emt 0:00:13]} Bxd3 {[%emt 0:00:57]} 23. Qxd3 {[%emt 0:02:12]} g4 {[%emt 0:01:11]} 24. Nd2 $18 {[%emt 0:02:26]} Bxe5 {[%emt 0:04:43]} 25. Rdg1 {[%emt 0:03:18]} Qd7 {[%emt 0:23:24]} 26. Qxh3 {[%emt 0:07:57]} Nf6 {[%emt 0:01:47]} 27. Nce4 {[%emt 0:10:41]} Qh7 {[%emt 0:06:48]} 28. Qd3 {[%emt 0:11:01]} Kh8 {[%emt 0:02:02]} 29. Nxc5 {[%emt 0:00:42]} Qxd3+ {[%emt 0:01:23]} 30. Nxd3 {[%emt 0:00:01]} Rfe8 {[%emt 0:00:06]} 31. h3 {[%emt 0:06:12]} g3 {[%emt 0:04:04]} 32. fxg3 {[%emt 0:02:57]} fxg3 {[%emt 0:00:37]} 33. Nxe5 {[%emt 0:01:00]} Rxe5 {[%emt 0:00:06]} 34. Rxg3 {[%emt 0:00:07]} b5 {[%emt 0:01:20]} 35. Rf3 {[%emt 0:03:16]} Nh5 {[%emt 0:01:57]} 36. Rhf1 {[%emt 0:02:57]} Re2 {[%emt 0:01:24]} 37. Rd3 {[%emt 0:00:42]} bxc4 {[%emt 0:00:38]} 38. Nxc4 {[%emt 0:00:07]} Rb8 {[%emt 0:00:27]} 39. Rf7 {[%emt 0:01:17]} Rb3 {[%emt 0:00:21]} 40. Rd1 {[%emt 0:00:00]} Ng3 {[%emt 0:00:00]} 41. Rxc7 {[%emt 0:03:39]} Ne4 {[%emt 0:00:21]} 42. Rc1 {[%emt 0:00:37]} Nd2+ {[%emt 0:01:06]} 43. Nxd2 {[%emt 0:00:20]} Rxd2 {[%emt 0:00:04]} 44. R1c2 {[%emt 0:00:16]} Rd1+ {[%emt 0:01:22]} 45. Ka2 {[%emt 0:01:14]} Rxh3 {[%emt 0:00:14]} 46. Ra7 {[%emt 0:00:08]} 1-0

[Event "POL-chT 1 Liga 2019"]
[Site "Dzwirzyno"]
[Date "2019.09.15"]
[Round "9.3"]
[White "Nowak, Lukasz"]
[Black "Paszewski, Mateusz"]
[Result "1-0"]
[WhiteElo "2270"]
[BlackElo "2297"]
[Annotator "NA"]
[PlyCount "77"]
[EventDate "2019.09.07"]
[EventType "team-tourn"]
[EventCountry "POL"]
[SourceTitle "playchess.com"]
[Source "ChessBase"]
[SourceQuality "1"]
[TimeControl "40/5400+30:1800+30"]

1. d4 {[%emt 0:00:00]} Nf6 {[%emt 0:00:00]} 2. c4 {[%emt 0:00:00]} e6 {[%emt 0:00:00]} 3. Nf3 {[%emt 0:00:00]} d5 {[%emt 0:00:00]} 4. Nc3 {[%emt 0:00:00]} a6 {[%emt 0:00:00]} 5. cxd5 {[%emt 0:01:55]} exd5 {[%emt 0:00:09]} 6. Bg5 {[%emt 0:00:09]} Be6 {[%emt 0:00:07]} 7. Qb3 {[%emt 0:00:11]} Nbd7 {[%emt 0:01:16]} 8. e3 {[%emt 0:00:21]} Rb8 {[%emt 0:02:12]} 9. Bd3 {[%emt 0:00:27]} Bd6 {[%emt 0:00:27]} 10. O-O {[%emt 0:04:58]} O-O {[%emt 0:06:40]} 11. Qc2 {[%emt 0:05:05]} h6 {[%emt 0:01:40]} 12. Bh4 {[%emt 0:07:57]} c6 {[%emt 0:05:28]} 13. Rfc1 $11 {[%emt 0:04:51]} Qe7 14. Bg3 {[%emt 0:20:15]} Bxg3 {[%emt 0:32:54]} 15. hxg3 {[%emt 0:00:09]} Ne8 {[%emt 0:00:13]} 16. Na4 {[%emt 0:01:49]} Nd6 {[%emt 0:00:42]} 17. Nc5 {[%emt 0:08:03]} Rfd8 {[%emt 0:06:36]} 18. a4 {[%emt 0:03:24]} Qf6 {[%emt 0:17:26]} 19. b4 {[%emt 0:09:25]} Bf5 {[%emt 0:00:54]} 20. Bxf5 {[%emt 0:01:04]} Qxf5 {[%emt 0:00:03]} 21. Qxf5 {[%emt 0:00:16]} Nxf5 {[%emt 0:00:02]} 22. Nxd7 {[%emt 0:07:49]} Rxd7 {[%emt 0:00:12]} 23. b5 {[%emt 0:00:13]} axb5 {[%emt 0:04:08]} 24. axb5 {[%emt 0:00:07]} Rc7 {[%emt 0:00:06]} 25. Rc5 {[%emt 0:08:11]} f6 {[%emt 0:04:07]} 26. Ne1 {[%emt 0:07:48]} Ne7 {[%emt 0:04:56]} 27. Nd3 {[%emt 0:00:33]} Rbc8 {[%emt 0:00:39]} 28. Rac1 {[%emt 0:04:30]} Kf7 {[%emt 0:00:51]} 29. f3 {[%emt 0:03:16]} Ke6 {[%emt 0:06:19]} 30. e4 {[%emt 0:01:00]} g5 {[%emt 0:01:35]} 31. b6 {[%emt 0:01:32]} Rd7 {[%emt 0:00:02]} 32. Ra5 {[%emt 0:00:09]} Rcd8 {[%emt 0:01:22]} 33. Nc5+ {[%emt 0:00:13]} Kf7 {[%emt 0:00:03]} 34. e5 {[%emt 0:00:53]} fxe5 {[%emt 0:01:04]} 35. dxe5 {[%emt 0:00:07]} Ke8 {[%emt 0:00:08]} 36. e6 {[%emt 0:00:27]} Rd6 {[%emt 0:00:02]} 37. Nxb7 {[%emt 0:00:12]} Rxe6 {[%emt 0:00:03]} 38. Nxd8 {[%emt 0:00:10]} Kxd8 {[%emt 0:00:03]} 39. Ra8+ {[%emt 0:00:12]} 1-0

[Event "POL-chT 1 Liga 2019"]
[Site "Dzwirzyno"]
[Date "2019.09.15"]
[Round "9.4"]
[White "Tomaszewski, Roman"]
[Black "Sanz Wawer, Daniel"]
[Result "1/2-1/2"]
[WhiteElo "2195"]
[BlackElo "2244"]
[Annotator "NA"]
[PlyCount "94"]
[EventDate "2019.09.07"]
[EventType "team-tourn"]
[EventCountry "POL"]
[SourceTitle "playchess.com"]
[Source "ChessBase"]
[SourceQuality "1"]
[TimeControl "40/5400+30:1800+30"]

1. b3 {[%emt 0:00:00]} e5 {[%emt 0:00:00]} 2. Bb2 {[%emt 0:00:00]} d6 {[%emt 0:00:07]} 3. e3 {[%emt 0:00:26]} g6 {[%emt 0:02:39]} 4. d4 {[%emt 0:16:46]} Bg7 {[%emt 0:00:14]} 5. dxe5 {[%emt 0:02:16]} Bxe5 {[%emt 0:01:45]} 6. Qc1 {[%emt 0:17:23]} Nc6 {[%emt 0:08:09]} 7. Nf3 {[%emt 0:03:59]} Bxb2 {[%emt 0:00:40]} 8. Qxb2 {[%emt 0:00:12]} Qf6 {[%emt 0:00:32]} 9. Nc3 {[%emt 0:00:48]} Be6 $11 {[%emt 0:03:55]} 10. O-O-O {[%emt 0:01:46]} Nge7 {[%emt 0:07:36]} 11. Nb5 {[%emt 0:02:15]} Qxb2+ {[%emt 0:00:15]} 12. Kxb2 {[%emt 0:00:08]} Rc8 {[%emt 0:08:46]} 13. Ng5 {[%emt 0:33:10]} Bf5 {[%emt 0:00:37]} 14. e4 {[%emt 0:03:58]} Bd7 {[%emt 0:01:15]} 15. f4 {[%emt 0:00:33]} Bg4 {[%emt 0:07:41]} 16. Rd3 {[%emt 0:00:01]} h6 {[%emt 0:02:39]} 17. Nf3 {[%emt 0:04:28]} a6 {[%emt 0:00:17]} 18. Nc3 {[%emt 0:00:09]} f5 {[%emt 0:07:29]} 19. exf5 {[%emt 0:00:08]} Bxf5 {[%emt 0:02:57]} 20. Re3 {[%emt 0:00:10]} O-O {[%emt 0:03:25]} 21. Bc4+ {[%emt 0:00:25]} Kh8 {[%emt 0:05:01]} 22. Rhe1 {[%emt 0:00:40]} b5 {[%emt 0:01:16]} 23. Be6 {[%emt 0:05:32]} Rcd8 {[%emt 0:04:32]} 24. Nd5 {[%emt 0:04:32]} Nxd5 {[%emt 0:04:08]} 25. Bxd5 {[%emt 0:00:05]} Nb4 {[%emt 0:03:35]} 26. Be4 {[%emt 0:00:04]} Bxe4 {[%emt 0:04:26]} 27. Rxe4 {[%emt 0:00:05]} Nc6 {[%emt 0:01:01]} 28. a4 {[%emt 0:02:18]} Kg7 {[%emt 0:01:36]} 29. axb5 {[%emt 0:00:46]} axb5 {[%emt 0:00:06]} 30. R1e3 {[%emt 0:00:13]} Rf6 {[%emt 0:06:09]} 31. g3 {[%emt 0:01:06]} d5 {[%emt 0:03:07]} 32. Re6 {[%emt 0:00:56]} d4 {[%emt 0:01:44]} 33. Rxf6 {[%emt 0:00:16]} Kxf6 {[%emt 0:00:14]} 34. Re2 {[%emt 0:00:50]} d3 {[%emt 0:04:47]} 35. cxd3 {[%emt 0:00:29]} Rxd3 {[%emt 0:00:39]} 36. Rc2 {[%emt 0:00:13]} Na5 {[%emt 0:03:55]} 37. Nd2 {[%emt 0:00:39]} Kf5 {[%emt 0:00:36]} 38. b4 {[%emt 0:00:22]} Nb7 {[%emt 0:00:36]} 39. Kc1 {[%emt 0:00:32]} Rd7 {[%emt 0:00:25]} 40. Rc6 {[%emt 0:00:00]} Nd6 {[%emt 0:00:00]} 41. h3 {[%emt 0:04:26]} Ke6 {[%emt 0:07:08]} 42. Kd1 {[%emt 0:07:04]} Rd8 {[%emt 0:05:11]} 43. Ke2 {[%emt 0:06:39]} Ra8 {[%emt 0:05:20]} 44. Rxc7 {[%emt 0:01:58]} Ra4 {[%emt 0:01:25]} 45. Rg7 {[%emt 0:04:49]} Kf6 {[%emt 0:00:09]} 46. Rd7 {[%emt 0:02:09]} Ke6 {[%emt 0:00:19]} 47. Rg7 {[%emt 0:00:08]} Kd5 1/2-1/2

[Event "POL-chT 1 Liga 2019"]
[Site "Dzwirzyno"]
[Date "2019.09.15"]
[Round "9.5"]
[White "Kokoszczynski, Jan"]
[Black "Flis, Jacek"]
[Result "0-1"]
[WhiteElo "2289"]
[BlackElo "2219"]
[Annotator "NA"]
[PlyCount "94"]
[EventDate "2019.09.07"]
[EventType "team-tourn"]
[EventCountry "POL"]
[SourceTitle "playchess.com"]
[Source "ChessBase"]
[SourceQuality "1"]
[TimeControl "40/5400+30:1800+30"]

1. c4 {[%emt 0:00:00]} g6 {[%emt 0:00:15]} 2. Nc3 {[%emt 0:03:01]} Bg7 {[%emt 0:00:10]} 3. g3 {[%emt 0:01:34]} e5 {[%emt 0:01:16]} 4. Bg2 {[%emt 0:00:19]} Nc6 {[%emt 0:00:56]} 5. e3 {[%emt 0:08:29]} d6 {[%emt 0:04:24]} 6. Nge2 {[%emt 0:00:29]} Nge7 {[%emt 0:02:10]} 7. O-O {[%emt 0:06:16]} O-O {[%emt 0:00:44]} 8. Rb1 {[%emt 0:02:11]} Bf5 {[%emt 0:06:25]} 9. d3 {[%emt 0:05:49]} Qd7 {[%emt 0:01:06]} 10. b4 {[%emt 0:00:59]} Bh3 {[%emt 0:05:05]} 11. Bxh3 {[%emt 0:01:59]} Qxh3 {[%emt 0:01:09]} 12. b5 {[%emt 0:00:11]} Nd8 {[%emt 0:00:48]} 13. Nd5 {[%emt 0:00:10]} Qd7 $11 {[%emt 0:03:38]} 14. Nxe7+ {[%emt 0:08:51]} Qxe7 {[%emt 0:00:10]} 15. Bd2 {[%emt 0:11:14]} Ne6 {[%emt 0:05:06]} 16. Qc2 {[%emt 0:05:17]} Qd7 {[%emt 0:02:47]} 17. f4 {[%emt 0:17:28]} f5 {[%emt 0:05:52]} 18. Bb4 {[%emt 0:09:16]} Rf7 {[%emt 0:06:10]} 19. Nc3 {[%emt 0:03:51]} Re8 {[%emt 0:14:46]} 20. Rbe1 {[%emt 0:00:11]} c6 {[%emt 0:01:53]} 21. bxc6 {[%emt 0:05:37]} bxc6 {[%emt 0:01:25]} 22. Ba3 {[%emt 0:00:04]} g5 {[%emt 0:02:01]} 23. Ne2 {[%emt 0:03:45]} gxf4 {[%emt 0:04:31]} 24. exf4 {[%emt 0:01:12]} exf4 {[%emt 0:14:47]} 25. Nxf4 {[%emt 0:00:10]} Bd4+ {[%emt 0:02:27]} 26. Kh1 {[%emt 0:00:12]} Nxf4 {[%emt 0:01:32]} 27. gxf4 {[%emt 0:00:28]} Rxe1 {[%emt 0:06:12]} 28. Rxe1 {[%emt 0:00:01]} Re7 {[%emt 0:00:52]} 29. Rxe7 {[%emt 0:04:39]} Qxe7 {[%emt 0:00:08]} 30. Qd2 {[%emt 0:00:10]} c5 {[%emt 0:02:02]} 31. Bc1 {[%emt 0:01:00]} Kf8 {[%emt 0:00:55]} 32. h3 {[%emt 0:00:25]} Qb7+ {[%emt 0:00:49]} 33. Qg2 {[%emt 0:00:38]} Qb1 {[%emt 0:01:13]} 34. Qd2 {[%emt 0:00:01]} a5 {[%emt 0:00:54]} 35. Kh2 {[%emt 0:00:29]} a4 {[%emt 0:00:13]} 36. Kg2 {[%emt 0:01:02]} Qb7+ {[%emt 0:00:59]} 37. Kh2 {[%emt 0:00:31]} Qf3 {[%emt 0:00:11]} 38. Qg2 {[%emt 0:00:23]} Qxd3 {[%emt 0:00:42]} 39. Bb2 {[%emt 0:00:32]} Qxc4 {[%emt 0:00:51]} 40. Bxd4 {[%emt 0:00:00]} Qxd4 {[%emt 0:00:00]} 41. Qa8+ {[%emt 0:00:34]} Kf7 {[%emt 0:02:57]} 42. Qb7+ {[%emt 0:00:10]} Kf6 {[%emt 0:00:33]} 43. Qxh7 {[%emt 0:00:40]} Qxf4+ {[%emt 0:00:41]} 44. Kh1 {[%emt 0:00:13]} Qc1+ {[%emt 0:01:46]} 45. Kh2 {[%emt 0:00:08]} Qc2+ {[%emt 0:00:14]} 46. Kg1 {[%emt 0:00:04]} Qb1+ {[%emt 0:00:08]} 47. Kf2 {[%emt 0:00:03]} Qxa2+ {[%emt 0:00:05]} 0-1

[Event "POL-chT 1 Liga 2019"]
[Site "Dzwirzyno"]
[Date "2019.09.15"]
[Round "9.6"]
[White "Lach, Aleksandra"]
[Black "Moscicka, Pola"]
[Result "1/2-1/2"]
[WhiteElo "2173"]
[BlackElo "1994"]
[Annotator "NA"]
[PlyCount "126"]
[EventDate "2019.09.07"]
[EventType "team-tourn"]
[EventCountry "POL"]
[SourceTitle "playchess.com"]
[Source "ChessBase"]
[SourceQuality "1"]
[TimeControl "40/5400+30:1800+30"]

1. d4 {[%emt 0:00:00]} Nf6 {[%emt 0:00:00]} 2. Bf4 {[%emt 0:00:29]} e6 {[%emt 0:00:00]} 3. Nf3 {[%emt 0:02:10]} d5 {[%emt 0:00:04]} 4. e3 {[%emt 0:01:04]} c5 {[%emt 0:00:38]} 5. Nbd2 {[%emt 0:01:46]} Nc6 {[%emt 0:00:50]} 6. c3 {[%emt 0:00:29]} Bd6 {[%emt 0:00:39]} 7. Bg3 {[%emt 0:00:14]} Qe7 {[%emt 0:01:57]} 8. Ne5 {[%emt 0:02:36]} O-O {[%emt 0:06:49]} 9. Bd3 {[%emt 0:13:26]} Nd7 {[%emt 0:07:17]} 10. f4 {[%emt 0:10:21]} Bxe5 {[%emt 0:13:45]} 11. dxe5 {[%emt 0:11:01]} f6 {[%emt 0:08:28]} 12. Nf3 {[%emt 0:18:52]} b6 {[%emt 0:04:37]} 13. O-O {[%emt 0:02:05]} Bb7 {[%emt 0:00:34]} 14. Bh4 {[%emt 0:09:17]} Qe8 {[%emt 0:09:07]} 15. exf6 {[%emt 0:07:32]} Nxf6 {[%emt 0:00:07]} 16. Ne5 {[%emt 0:01:18]} Qh5 {[%emt 0:07:37]} 17. Bxf6 {[%emt 0:07:16]} Qxd1 {[%emt 0:00:21]} 18. Raxd1 {[%emt 0:00:07]} Rxf6 {[%emt 0:01:49]} 19. Ng4 {[%emt 0:00:16]} Rf7 {[%emt 0:00:39]} 20. Rf3 {[%emt 0:01:13]} e5 {[%emt 0:09:45]} 21. Rh3 {[%emt 0:05:22]} e4 {[%emt 0:04:36]} 22. Bb5 {[%emt 0:00:01]} Rd8 {[%emt 0:01:33]} 23. Bxc6 {[%emt 0:03:00]} Bxc6 {[%emt 0:02:34]} 24. Rh5 {[%emt 0:00:34]} Bb7 {[%emt 0:01:16]} 25. Rg5 {[%emt 0:01:05]} Kf8 {[%emt 0:01:43]} 26. Ne5 {[%emt 0:00:21]} Rf6 {[%emt 0:00:37]} 27. g3 {[%emt 0:00:30]} Bc8 {[%emt 0:02:37]} 28. Nc4 {[%emt 0:00:59]} Be6 {[%emt 0:01:20]} 29. Nd2 {[%emt 0:00:21]} Rd7 {[%emt 0:05:53]} 30. Re5 {[%emt 0:00:28]} Bg4 {[%emt 0:02:30]} 31. Re1 {[%emt 0:00:03]} Rf5 {[%emt 0:00:48]} 32. Rxf5+ {[%emt 0:00:50]} Bxf5 {[%emt 0:00:02]} 33. Nb3 {[%emt 0:00:31]} Ke7 {[%emt 0:01:14]} 34. Rd1 {[%emt 0:00:44]} Rd6 {[%emt 0:01:13]} 35. Kg2 {[%emt 0:00:30]} Kd7 {[%emt 0:00:48]} 36. h3 {[%emt 0:00:32]} h5 {[%emt 0:00:14]} 37. Kh2 {[%emt 0:00:31]} Kc6 {[%emt 0:01:00]} 38. Rg1 {[%emt 0:00:14]} b5 {[%emt 0:01:04]} 39. Rg2 {[%emt 0:00:44]} Rg6 {[%emt 0:00:38]} 40. Nc1 {[%emt 0:00:00]} a5 {[%emt 0:00:00]} 41. b4 {[%emt 0:09:33]} axb4 {[%emt 0:04:46]} 42. cxb4 {[%emt 0:00:20]} d4 {[%emt 0:03:46]} 43. bxc5 {[%emt 0:07:43]} d3 {[%emt 0:00:53]} 44. Nb3 {[%emt 0:00:04]} Kd5 {[%emt 0:05:37]} 45. Nd4 {[%emt 0:01:36]} Bd7 {[%emt 0:00:20]} 46. c6 {[%emt 0:00:39]} Bxc6 {[%emt 0:00:51]} 47. f5 {[%emt 0:00:35]} Rd6 {[%emt 0:00:35]} 48. Nb3 {[%emt 0:03:47]} Kc4 {[%emt 0:01:53]} 49. Nd2+ {[%emt 0:00:04]} Kb4 {[%emt 0:02:09]} 50. g4 {[%emt 0:01:49]} hxg4 {[%emt 0:01:27]} 51. hxg4 {[%emt 0:00:15]} Bd5 {[%emt 0:01:17]} 52. Kg3 {[%emt 0:06:31]} Rc6 {[%emt 0:01:31]} 53. a3+ {[%emt 0:01:23]} Kxa3 {[%emt 0:01:18]} 54. Kf4 {[%emt 0:00:18]} Rc2 {[%emt 0:04:11]} 55. Ke5 {[%emt 0:00:21]} Bc6 {[%emt 0:00:15]} 56. g5 {[%emt 0:02:07]} Rc5+ {[%emt 0:02:43]} 57. Kd6 {[%emt 0:01:06]} Kb4 {[%emt 0:01:28]} 58. f6 {[%emt 0:00:25]} gxf6 {[%emt 0:00:22]} 59. gxf6 {[%emt 0:00:29]} Bd5 {[%emt 0:01:19]} 60. Rg5 {[%emt 0:00:48]} Rc2 {[%emt 0:02:52]} 61. Kxd5 {[%emt 0:00:15]} Rxd2 {[%emt 0:00:23]} 62. Kxe4 {[%emt 0:00:42]} Rf2 {[%emt 0:03:29]} 63. Kxd3 {[%emt 0:00:38]} Rxf6 {[%emt 0:00:15]} 1/2-1/2

[Event "POL-chT 1 Liga 2019"]
[Site "Dzwirzyno"]
[Date "2019.09.15"]
[Round "9.8"]
[White "Lewtak, Damian"]
[Black "Flis, Pawel"]
[Result "1-0"]
[WhiteElo "2377"]
[BlackElo "1897"]
[Annotator "NA"]
[PlyCount "87"]
[EventDate "2019.09.07"]
[EventType "team-tourn"]
[EventCountry "POL"]
[SourceTitle "playchess.com"]
[Source "ChessBase"]
[SourceQuality "1"]
[TimeControl "40/5400+30:1800+30"]

1. e4 {[%emt 0:00:00]} e5 {[%emt 0:00:00]} 2. Nf3 {[%emt 0:00:36]} Nc6 {[%emt 0:00:07]} 3. Bc4 {[%emt 0:00:18]} Nf6 {[%emt 0:01:47]} 4. Ng5 {[%emt 0:00:29]} d5 {[%emt 0:00:09]} 5. exd5 {[%emt 0:00:05]} b5 {[%emt 0:00:20]} 6. Bxb5 {[%emt 0:06:43]} Qxd5 {[%emt 0:01:36]} 7. Nc3 {[%emt 0:05:11]} Qxg2 {[%emt 0:02:03]} 8. Qf3 {[%emt 0:00:05]} Qxf3 {[%emt 0:01:20]} 9. Nxf3 {[%emt 0:00:08]} Bd7 {[%emt 0:01:42]} 10. d3 {[%emt 0:00:21]} Bc5 {[%emt 0:04:29]} (10... Rb8 $11) 11. Rg1 {[%emt 0:05:05]} O-O {[%emt 0:13:13]} 12. Bg5 {[%emt 0:02:05]} Nh5 {[%emt 0:04:10]} 13. Ne4 {[%emt 0:00:53]} Bb6 {[%emt 0:01:38]} 14. Nf6+ {[%emt 0:02:47]} Nxf6 {[%emt 0:00:52]} 15. Bxf6 {[%emt 0:00:05]} g6 {[%emt 0:00:09]} 16. Ng5 {[%emt 0:09:03]} Rab8 {[%emt 0:20:01]} 17. Ba4 {[%emt 0:02:38] [#]} Ba5+ $17 {[%emt 0:03:22] Discovered Attack} 18. Kd1 {[%emt 0:00:02]} Rb4 {[%emt 0:00:20]} 19. Bxc6 {[%emt 0:05:17]} Bxc6 {[%emt 0:00:19]} 20. Be7 {[%emt 0:00:06]} Rxb2 {[%emt 0:02:34]} 21. Bxf8 {[%emt 0:02:16]} Kxf8 {[%emt 0:01:56]} 22. Rg4 {[%emt 0:00:33]} h6 {[%emt 0:01:15]} 23. Rc4 {[%emt 0:00:07]} Bb5 {[%emt 0:04:49]} 24. Kc1 {[%emt 0:00:06]} Rb4 {[%emt 0:01:49]} 25. Rxb4 {[%emt 0:00:18]} Bxb4 {[%emt 0:00:05]} 26. Ne4 {[%emt 0:00:59]} f5 {[%emt 0:01:13]} 27. Rb1 {[%emt 0:01:25]} Ba3+ {[%emt 0:00:28]} 28. Kd1 {[%emt 0:00:59]} Bc6 {[%emt 0:01:30]} 29. Rb8+ {[%emt 0:01:25]} Ke7 {[%emt 0:01:44]} 30. Rb3 {[%emt 0:00:13]} Bd6 {[%emt 0:06:36]} 31. Nxd6 {[%emt 0:00:06]} Kxd6 {[%emt 0:00:04]} 32. Ra3 {[%emt 0:00:04]} g5 {[%emt 0:00:23]} 33. Rxa7 {[%emt 0:00:55]} h5 {[%emt 0:00:42]} 34. Ra5 {[%emt 0:00:34]} h4 {[%emt 0:00:24]} 35. d4 {[%emt 0:01:23]} Bf3+ {[%emt 0:01:24]} 36. Ke1 {[%emt 0:00:14]} exd4 {[%emt 0:01:12]} 37. Rxf5 {[%emt 0:00:30]} Be4 {[%emt 0:02:37]} 38. Rxg5 {[%emt 0:00:07]} Bxc2 {[%emt 0:00:14]} 39. Kd2 {[%emt 0:00:25]} Bb1 {[%emt 0:00:56]} 40. a4 {[%emt 0:00:00]} c5 {[%emt 0:00:00]} 41. Rg4 {[%emt 0:02:29]} Kd5 {[%emt 0:05:31]} 42. a5 {[%emt 0:00:22]} h3 {[%emt 0:11:47]} 43. a6 {[%emt 0:00:35]} Kc6 {[%emt 0:00:06]} 44. Rg8 {[%emt 0:00:08]} 1-0